Prestaciones y servicios para personas con minusvalia en los paises de la CE (Record no. 6571)

MARC details
000 -LEADER
campo de control de longitud fija 00930nam a2200253 i 4500
001 - NÚMERO DE CONTROL
campo de control 6571
003 - IDENTIFICADOR DE NÚMERO DE CONTROL
campo de control ES-MaACL
005 - FECHA Y HORA DE LA ÚLTIMA TRANSACCIÓN
campo de control 20230906145011.0
007 - CAMPO FIJO DE DESCRIPCIÓN FÍSICA--INFORMACIÓN GENERAL
campo de control de longitud fija t|
008 - DATOS DE LONGITUD FIJA--INFORMACIÓN GENERAL
campo de control de longitud fija 900115s1989 sp ||||1| spa d
020 ## - NÚMERO INTERNACIONAL ESTÁNDAR DEL LIBRO
Número Internacional Estándar del Libro 84-86852-77-3
080 ## - NÚMERO DE LA CLASIFICACIÓN DECIMAL UNIVERSAL
Número de la Clasificación Decimal Universal 371.91/92:301
245 00 - MENCIÓN DEL TÍTULO
Título Prestaciones y servicios para personas con minusvalia en los paises de la CE
Resto del título : informe final del Seminario del Grupo RI/CEC, celebrado en Madrid los dias 17 y 18 de noviembre de 1988.
250 ## - MENCION DE EDICION
Mención de edición 1a ed.
260 ## - PUBLICACIÓN, DISTRIBUCIÓN, ETC.
Lugar de publicación, distribución, etc. Madrid :
Nombre del editor, distribuidor, etc. Ministerio de Asuntos Sociales, Instituto Nacional de Servicios Sociales,
Fecha de publicación, distribución, etc. 1989.
300 ## - DESCRIPCIÓN FÍSICA
Extensión 372 p. ;
Dimensiones 21 cm.
490 1# - MENCIÓN DE SERIE
Mención de serie Rehabilitacion ;
Designación de volumen o secuencia 33
500 ## - NOTA GENERAL
Nota general Indice.
650 14 - PUNTO DE ACCESO ADICIONAL DE MATERIA--TÉRMINO DE MATERIA
Término de materia o nombre geográfico como elemento de entrada Minusválidos-
Subdivisión geográfica Europa.
9 (RLIN) 15072
710 2# - ENTRADA AGREGADA--NOMBRE DE ENTIDAD CORPORATIVA
Nombre de entidad corporativa o nombre de jurisdicción como elemento de entrada Instituto Nacional de Servicios Sociales (España)
9 (RLIN) 5189
830 0# - PUNTO DE ACCESO ADICIONAL DE SERIE-TÍTULO UNIFORME
Título uniforme Rehabilitacion ;
Designación de volumen o secuencia 33
9 (RLIN) 178031
852 ## - LOCALIZACIÓN
Ubicación ES-MaACL
Número de control de estantería L-13727
Sublocalización o colección R.117090
Nota libre . - rust.
Holdings
Estatus retirado Estado de pérdida Estado de daño No para préstamo Biblioteca de origen Biblioteca actual Ubicación en estantería Fecha de adquisición Fuente de adquisición Total de préstamos Signatura topográfica completa Código de barras Visto por última vez Precio de reemplazo Tipo de ítem Koha
        Biblioteca del Ateneo de Madrid Biblioteca del Ateneo de Madrid Depósito 2 17/01/2008     L-13727 1006694 23/02/2023 23/02/2023 Libro impreso